000 00661nam a22002057a 4500
999 _c62297
_d62297
005 20240919164748.0
008 240919s2021 enk||||| |||| 00| 0 eng d
020 _a9781911510703x
041 _aeng
080 _a575+61 R-30
100 _aRead, Andrew
_97115
245 _aNew Clinical Genetics /
_cAndrew Read, Dian Donnai.
250 _afourth edition
264 _aBanbury :
_bScion Publishing,
_c2021.
300 _a440 p.:
_bill.;
_c27 cm.
653 _aახალი კლინიკური გენეტიკა
653 _aმედიცინა
700 _aDonnai, Dian
_eავტორი
_910336
942 _2udc
_cᲬᲘᲒᲜᲘ